[Event "FICGS rapid B 000135 email"]
[Site "FICGS email"]
[Date "2010.01.01"]
[Round "1"]
[White "Maziarz, Pawel"]
[Black "Nookala, Kamesh"]
[Result "0-1"]
[WhiteElo "1800"]
[BlackElo "1783"]
[PlyCount "64"]
[EventDate "2010.??.??"]
[EventType "tourn (rapid)"]
[EventRounds "6"]
[SourceTitle "Corr 2013"]
[Source "ChessBase"]
[SourceDate "2012.11.12"]
[SourceVersion "1"]
[SourceVersionDate "2012.11.12"]
[SourceQuality "1"]

1. e4 c5 2. b4 cxb4 3. d4 Nf6 4. e5 Nd5 5. Bc4 Nb6 6. Bb3 a5 7. Nf3 a4 8. Bxf7+ Kxf7 9. Ng5+ Kg8 10. Qh5 g6 11. Qf3 Qe8 12. 0-0 Nc6 13. Be3 h6 14. Nh3 Qf7 15. Qxf7+ Kxf7 16. Nf4 g5 17. Nh5 d6 18. Nd2 dxe5 19. dxe5 Nd5 20. Rae1 Kg6 21. Ng3 Be6 22. Nf3 Nxe3 23. Rxe3 Bxa2 24. h4 Bg7 25. Rd1 Rhd8 26. Rde1 g4 27. h5+ Kh7 28. Nh2 Nd4 29. Rc1 Rac8 30. Ra1 Nxc2 31. Rxa2 Nxe3 32. fxe3 Bxe5 0-1